[Event "Mittelfranken-chTB2a 1920"]
[Site "Mittelfranken"]
[Date "2020.02.16"]
[Round "6.3"]
[White "Fischer, Gerd1111"]
[Black "Augustin, Achim"]
[Result "1/2-1/2"]
[WhiteElo "1921"]
[BlackElo "1881"]
[PlyCount "62"]
[EventDate "2019.10.13"]
[EventType "team-tourn"]
[EventRounds "9"]
[EventCountry "GER"]
[SourceTitle "EXT 2023"]
[Source "ChessBase"]
[SourceDate "2022.10.05"]
[SourceVersion "1"]
[SourceVersionDate "2022.10.05"]
[SourceQuality "1"]
[WhiteTeam "Ansbach/Bad Windsheim"]
[BlackTeam "Nuernberg Sued SW IV"]
[WhiteTeamCountry "GER"]
[BlackTeamCountry "GER"]

1. e4 d5 2. exd5 Qxd5 3. Nc3 Qa5 4. d4 e5 5. Nf3 Bb4 6. Bd2 exd4 7. Nxd4 Ne7 8. Bd3 Qe5+ 9. Nde2 Nbc6 10. a3 Bd6 11. Nb5 0-0 12. Bf4 Qf6 13. Bxd6 cxd6 14. Nxd6 Kh8 15. Nxc8 Raxc8 16. 0-0 Qxb2 17. Qd2 Qf6 18. Qe3 Rfe8 19. Qh3 h6 20. Rab1 Rc7 21. Ng3 Ng6 22. Nh5 Qe6 23. Qg3 Qe5 24. Bxg6 Qxg3 25. Nxg3 fxg6 26. Rfd1 h5 27. Nf1 Re4 28. Ne3 Nd4 29. Rb4 Ne2+ 30. Kf1 Rxb4 31. axb4 Nc3 1/2-1/2

[Event "Mittelfranken-chTB2a 1920"]
[Site "Mittelfranken"]
[Date "2019.11.03"]
[Round "2.3"]
[White "Kraus, Sebastian"]
[Black "Augustin, Achim"]
[Result "1-0"]
[WhiteElo "2028"]
[BlackElo "1881"]
[PlyCount "61"]
[EventDate "2019.10.13"]
[EventType "team-tourn"]
[EventRounds "9"]
[EventCountry "GER"]
[SourceTitle "EXT 2023"]
[Source "ChessBase"]
[SourceDate "2022.10.05"]
[SourceVersion "1"]
[SourceVersionDate "2022.10.05"]
[SourceQuality "1"]
[WhiteTeam "Nuernberg Jaeklechemie"]
[BlackTeam "Nuernberg Sued SW IV"]
[WhiteTeamCountry "GER"]
[BlackTeamCountry "GER"]

1. e4 d5 2. exd5 Qxd5 3. Nc3 Qa5 4. d4 e5 5. Nf3 Bb4 6. Bd2 exd4 7. Qe2+ Ne7 8. Nxd4 0-0 9. a3 Bd6 10. Ndb5 Qb6 11. 0-0-0 Be6 12. Bg5 Nbc6 13. Qe1 Qc5 14. Ne4 Qf5 15. Rxd6 cxd6 16. Bd3 Qd5 17. b3 f6 18. f4 fxg5 19. Nxg5 Bf5 20. Bc4 Qxc4 21. bxc4 Rac8 22. Nxd6 h6 23. Nxf5 Rxf5 24. Qe6+ Kh8 25. Nf7+ Kh7 26. Nd6 Rf6 27. Qe4+ g6 28. Nxc8 Nxc8 29. Rd1 Nd6 30. Qe2 b6 31. g4 1-0

[Event "Mittelfranken-chTB2a 1819"]
[Site "Mittelfranken"]
[Date "2019.03.17"]
[Round "7.1"]
[White "Augustin, Achim"]
[Black "Kotitschke, Karlheinz"]
[Result "1/2-1/2"]
[WhiteElo "1886"]
[BlackElo "1822"]
[PlyCount "20"]
[EventDate "2018.10.14"]
[EventType "team-tourn"]
[EventRounds "9"]
[EventCountry "GER"]
[SourceTitle "EXT 2022"]
[Source "ChessBase"]
[SourceDate "2021.10.06"]
[SourceVersion "1"]
[SourceVersionDate "2021.10.06"]
[SourceQuality "1"]
[WhiteTeam "Nuernberg Sued SW IV"]
[BlackTeam "Rothenburg II"]
[WhiteTeamCountry "GER"]
[BlackTeamCountry "GER"]

1. d4 g6 2. Bg5 Bg7 3. e3 h6 4. Bf4 Nf6 5. Nd2 d6 6. c3 Nc6 7. Bd3 e5 8. Bg3 0-0 9. Qc2 exd4 10. exd4 Re8+ 1/2-1/2

[Event "Mittelfranken-chTB2a 1819"]
[Site "Mittelfranken"]
[Date "2018.10.14"]
[Round "1.1"]
[White "Ries, Florian"]
[Black "Augustin, Achim"]
[Result "0-1"]
[WhiteElo "2025"]
[BlackElo "1886"]
[PlyCount "48"]
[EventDate "2018.10.14"]
[EventType "team-tourn"]
[EventRounds "9"]
[EventCountry "GER"]
[SourceTitle "EXT 2022"]
[Source "ChessBase"]
[SourceDate "2021.10.06"]
[SourceVersion "1"]
[SourceVersionDate "2021.10.06"]
[SourceQuality "1"]
[WhiteTeam "Dinkelsbuehl"]
[BlackTeam "Nuernberg Sued SW IV"]
[WhiteTeamCountry "GER"]
[BlackTeamCountry "GER"]

1. d4 c5 2. d5 e5 3. c4 d6 4. Nc3 Be7 5. e4 Bg5 6. Nf3 Bxc1 7. Rxc1 Ne7 8. Bd3 Ng6 9. 0-0 h5 10. Bc2 a6 11. Ba4+ Nd7 12. Qd2 h4 13. Ng5 Nf4 14. Nf3 Qf6 15. Ne1 Qg5 16. Kh1 Ke7 17. Ne2 Nf6 18. Nxf4 Nxe4 19. Qa5 exf4 20. Qc7+ Kf8 21. Nf3 Qf6 22. Rce1 h3 23. g3 Bg4 24. Ng1 fxg3 0-1

[Event "Mittelfranken-chTB2a 1718"]
[Site "Mittelfranken"]
[Date "2018.02.18"]
[Round "5.6"]
[White "Augustin, Achim"]
[Black "Eichmueller, Klaus"]
[Result "1-0"]
[WhiteElo "1888"]
[BlackElo "1471"]
[PlyCount "89"]
[EventDate "2017.10.08"]
[EventType "team-tourn"]
[EventRounds "9"]
[EventCountry "GER"]
[SourceTitle "EXT 2022"]
[Source "ChessBase"]
[SourceDate "2021.10.06"]
[SourceVersion "1"]
[SourceVersionDate "2021.10.06"]
[SourceQuality "1"]
[WhiteTeam "Bad Windsheim/Ansbach"]
[BlackTeam "Treuchtlingen/Wet SG"]
[WhiteTeamCountry "GER"]
[BlackTeamCountry "GER"]

1. d4 d5 2. Bg5 Nf6 3. Bxf6 exf6 4. e3 Bd6 5. Bd3 Be6 6. Nd2 Nd7 7. c3 c6 8. Qc2 h6 9. Ne2 Qc7 10. Ng3 Bxg3 11. hxg3 a6 12. f4 Nb6 13. 0-0 0-0 14. b4 Nc8 15. f5 Bd7 16. Rf3 Nd6 17. g4 Rfe8 18. Rh3 Kf8 19. c4 Rac8 20. c5 Nb5 21. a4 Na7 22. Rf1 Rb8 23. e4 dxe4 24. Nxe4 Nc8 25. Qa2 b5 26. a5 Rd8 27. Qd2 Be8 28. g5 hxg5 29. Rh8+ Ke7 30. Nxg5 Kd7 31. Ne4 Ne7 32. Nd6 Nc8 33. Ne4 Ne7 34. Rh7 Kc8 35. Nd6+ Kd7 36. Rxg7 Ra8 37. Re1 Nd5 38. Nxf7 Bxf7 39. Rxf7+ Kc8 40. Rxc7+ Kxc7 41. Be4 Rd7 42. Bxd5 Rxd5 43. Re7+ Rd7 44. Rxd7+ Kxd7 45. Qf4 1-0

[Event "Mittelfranken-chTB2a 1718"]
[Site "Mittelfranken"]
[Date "2017.10.29"]
[Round "2.7"]
[White "Augustin, Achim"]
[Black "Hinzmann, Alexander"]
[Result "1-0"]
[WhiteElo "1888"]
[BlackElo "1814"]
[PlyCount "25"]
[EventDate "2017.10.08"]
[EventType "team-tourn"]
[EventRounds "9"]
[EventCountry "GER"]
[SourceTitle "EXT 2022"]
[Source "ChessBase"]
[SourceDate "2021.10.06"]
[SourceVersion "1"]
[SourceVersionDate "2021.10.06"]
[SourceQuality "1"]
[WhiteTeam "Bad Windsheim/Ansbach"]
[BlackTeam "Fuerth SF"]
[WhiteTeamCountry "GER"]
[BlackTeamCountry "GER"]

1. e4 e5 2. f4 exf4 3. Nf3 Bc5 4. d4 Bb6 5. Bxf4 d6 6. Bc4 h6 7. c3 Be6 8. Bxe6 fxe6 9. Nbd2 Nf6 10. Qb3 Qe7 11. e5 Nh5 12. exd6 cxd6 13. Qb5+ 1-0

[Event "Mittelfranken-chTB2a 1617"]
[Site "Mittelfranken"]
[Date "2017.02.12"]
[Round "6.5"]
[White "Schoenberger, Andreas"]
[Black "Augustin, Achim"]
[Result "1/2-1/2"]
[WhiteElo "1798"]
[BlackElo "1888"]
[PlyCount "39"]
[EventDate "2016.10.23"]
[EventType "team-tourn"]
[EventRounds "9"]
[EventCountry "GER"]
[SourceTitle "EXT 2022"]
[Source "ChessBase"]
[SourceDate "2021.10.06"]
[SourceVersion "1"]
[SourceVersionDate "2021.10.06"]
[SourceQuality "1"]
[WhiteTeam "Buechenbach/Roth II"]
[BlackTeam "Bad Windsheim/Ansbach"]
[WhiteTeamCountry "GER"]
[BlackTeamCountry "GER"]

1. e4 e6 2. d4 c5 3. d5 e5 4. Nf3 d6 5. Bb5+ Nd7 6. c4 a6 7. Ba4 Be7 8. 0-0 Bf6 9. Nc3 h5 10. Be3 Ne7 11. Qd2 Ng6 12. Bg5 h4 13. Bxf6 Qxf6 14. Qg5 Qxg5 15. Nxg5 Ke7 16. Bc2 Rh5 17. Nh3 Nb6 18. Bd1 Rh6 19. b3 Bd7 20. Ne2 1/2-1/2

[Event "Mittelfranken-chTB2a 1415"]
[Site "Mittelfranken"]
[Date "2015.03.22"]
[Round "8.4"]
[White "Augustin, Achim"]
[Black "Lunz, Dieter"]
[Result "0-1"]
[WhiteElo "1896"]
[BlackElo "1904"]
[PlyCount "104"]
[EventDate "2014.09.28"]
[EventType "team-tourn"]
[EventRounds "9"]
[EventCountry "GER"]
[SourceTitle "EXT 2020"]
[Source "ChessBase"]
[SourceDate "2019.10.17"]
[SourceVersion "1"]
[SourceVersionDate "2019.10.17"]
[SourceQuality "1"]
[WhiteTeam "Bad Windsheim/Ansbach"]
[BlackTeam "Heilsbronn"]
[WhiteTeamCountry "GER"]
[BlackTeamCountry "GER"]

1. d4 Nf6 2. Bg5 e6 3. e4 Be7 4. e5 Nd5 5. Bxe7 Qxe7 6. c4 Nb6 7. Nc3 d6 8. f4 dxe5 9. fxe5 Nc6 10. Nf3 0-0 11. Bd3 f5 12. c5 Nd5 13. Nxd5 exd5 14. Qb3 Nxd4 15. Qxd5+ Ne6 16. Rc1 Kh8 17. Qc4 Bd7 18. 0-0 Ng5 19. Nxg5 Qxg5 20. Qf4 Qxf4 21. Rxf4 Rae8 22. Re1 Re7 23. Rf2 Be6 24. Bc2 Kg8 25. Rd2 Rc8 26. Kf2 g6 27. g3 Bc4 28. b3 Bb5 29. a4 Bc6 30. Rde2 Rd8 31. b4 a6 32. Bb3+ Kf8 33. e6 Rd4 34. b5 axb5 35. axb5 Bxb5 36. Ra2 Bc4 37. Ra8+ Kg7 38. Bxc4 Rxc4 39. Ra5 Kf6 40. Rb1 Rxe6 41. Rxb7 Rc6 42. Rbb5 Rc2+ 43. Ke3 Rxh2 44. Kd4 Rd2+ 45. Kc3 Rd1 46. Rb8 h5 47. Rf8+ Kg5 48. Kc4 Kg4 49. Kb5 Re6 50. Ra3 Rb1+ 51. Kc4 c6 52. Rc8 Rc1+ 0-1

[Event "Mittelfranken-chTB1 1213"]
[Site "Germany"]
[Date "2013.02.11"]
[Round "7.6"]
[White "Augustin, Achim"]
[Black "Weiss, Markus"]
[Result "1-0"]
[WhiteElo "1869"]
[BlackElo "1864"]
[PlyCount "79"]
[EventDate "2012.10.07"]
[EventType "team-tourn"]
[EventRounds "9"]
[EventCountry "GER"]
[SourceTitle "EXT 2019"]
[Source "ChessBase"]
[SourceDate "2018.10.10"]
[SourceVersion "1"]
[SourceVersionDate "2018.10.10"]
[SourceQuality "1"]
[WhiteTeam "Nuernberg SK 1911"]
[BlackTeam "Erlangen SC II"]
[WhiteTeamCountry "GER"]
[BlackTeamCountry "GER"]

1. d4 Nf6 2. Bg5 d6 3. Nd2 Bf5 4. Bxf6 gxf6 5. e4 Bd7 6. Bc4 e5 7. Qh5 Qe7 8. d5 h6 9. Ne2 Rg8 10. Qf3 Bg4 11. Qb3 c5 12. f3 Bc8 13. Ng3 a6 14. a4 h5 15. Bf1 h4 16. Nf5 Bxf5 17. exf5 Rg5 18. 0-0-0 Rxf5 19. Ne4 Qc7 20. g3 Nd7 21. Bh3 Rg5 22. Bxd7+ Kxd7 23. Nxg5 fxg5 24. c4 Bh6 25. Qc2 Qd8 26. Qf5+ Ke8 27. Kc2 Ke7 28. Rhe1 Qg8 29. gxh4 gxh4 30. Rg1 Qh8 31. Rg4 Be3 32. Re1 Qh6 33. f4 Bd4 34. fxe5 Bxe5 35. Ree4 Rh8 36. a5 h3 37. b4 cxb4 38. c5 Qf6 39. Rxe5+ dxe5 40. d6+ 1-0

[Event "Mittelfranken-chTB1 1011"]
[Site "Germany"]
[Date "2011.05.15"]
[Round "9.5"]
[White "Augustin, Achim"]
[Black "Naegelein, Andreas"]
[Result "0-1"]
[WhiteElo "1893"]
[BlackElo "1961"]
[PlyCount "53"]
[EventDate "2010.09.26"]
[EventType "team-tourn"]
[EventRounds "9"]
[EventCountry "GER"]
[SourceTitle "EXT 2012"]
[Source "ChessBase"]
[SourceDate "2011.11.24"]
[SourceVersion "1"]
[SourceVersionDate "2011.11.24"]
[SourceQuality "1"]
[WhiteTeam "Nuernberg SK 1911"]
[BlackTeam "Postbauer Heng"]
[WhiteTeamCountry "GER"]
[BlackTeamCountry "GER"]

1. d4 g6 2. Bg5 Bg7 3. e3 c5 4. c3 cxd4 5. exd4 Qa5 6. Nf3 Nc6 7. b4 Qc7 8. Bc4 e6 9. Nbd2 Nge7 10. 0-0 h6 11. Bxe7 Nxe7 12. Qb3 d5 13. Bd3 0-0 14. Rfe1 Bd7 15. Ne5 Rfc8 16. c4 dxc4 17. Ndxc4 Bb5 18. Rac1 Qd8 19. a4 Bc6 20. b5 Bd5 21. Qd1 Rc7 22. a5 b6 23. axb6 axb6 24. Be4 Rac8 25. Nxf7 Kxf7 26. Qf3+ Kg8 27. Ne5 0-1

[Event "Mittelfranken-chTB1 1011"]
[Site "Germany"]
[Date "2010.12.05"]
[Round "4.6"]
[White "Augustin, Achim"]
[Black "Suess, Stefan"]
[Result "1-0"]
[WhiteElo "1893"]
[BlackElo "1866"]
[PlyCount "77"]
[EventDate "2010.09.26"]
[EventType "team-tourn"]
[EventRounds "9"]
[EventCountry "GER"]
[SourceTitle "EXT 2012"]
[Source "ChessBase"]
[SourceDate "2011.11.24"]
[SourceVersion "1"]
[SourceVersionDate "2011.11.24"]
[SourceQuality "1"]
[WhiteTeam "Nuernberg SK 1911"]
[BlackTeam "Nuernberg NT III"]
[WhiteTeamCountry "GER"]
[BlackTeamCountry "GER"]

1. d4 d5 2. Bg5 Nf6 3. Bxf6 exf6 4. e3 Bf5 5. Bd3 Bxd3 6. Qxd3 Qd7 7. Ne2 Bd6 8. Nbc3 c6 9. e4 dxe4 10. Nxe4 0-0 11. 0-0-0 Na6 12. c3 Rfd8 13. g4 Be7 14. Qf3 Nc7 15. h4 Qd5 16. Kb1 Ne6 17. N2g3 Kh8 18. Nf5 Bf8 19. g5 b5 20. Ne3 Qd7 21. gxf6 b4 22. fxg7+ Bxg7 23. Ng5 bxc3 24. Nxf7+ Kg8 25. Nxd8 Rxd8 26. bxc3 Rb8+ 27. Kc2 c5 28. Qd5 Qa4+ 29. Kd3 Qb5+ 30. Qc4 Qe8 31. Rhg1 Kh8 32. dxc5 Qf7 33. Rg4 Rb2 34. Rd2 Qd7+ 35. Qd5 Qb5+ 36. Nc4 Nxc5+ 37. Ke2 Qe8+ 38. Ne3 Na4 39. Rxa4 1-0

[Event "Mittelfranken-chTB1 0910"]
[Site "Mittelfranken"]
[Date "2010.01.31"]
[Round "6.7"]
[White "Fischer, Erich"]
[Black "Augustin, Achim"]
[Result "1-0"]
[WhiteElo "1943"]
[BlackElo "1917"]
[PlyCount "54"]
[EventDate "2009.10.11"]
[EventType "team-tourn"]
[EventRounds "9"]
[EventCountry "GER"]
[SourceTitle "EXT 2011"]
[Source "ChessBase"]
[SourceDate "2010.11.26"]
[SourceVersion "1"]
[SourceVersionDate "2010.11.26"]
[SourceQuality "1"]
[WhiteTeam "Postbauer Heng"]
[BlackTeam "Nuernberg Sued SW II"]
[WhiteTeamCountry "GER"]
[BlackTeamCountry "GER"]

1. d4 c5 2. e3 d5 3. Nf3 Nf6 4. Be2 Bg4 5. h3 Bh5 6. g4 Bg6 7. Ne5 a6 8. h4 h5 9. Nxg6 fxg6 10. Bd3 Kf7 11. g5 c4 12. gxf6 cxd3 13. fxg7 Bxg7 14. Qxd3 Nc6 15. Rg1 Qd6 16. c4 Nb4 17. Qb3 dxc4 18. Qxc4+ e6 19. Na3 b5 20. Qb3 Bf6 21. Bd2 Nd5 22. e4 Bxh4 23. exd5 exd5 24. 0-0-0 Kg7 25. f4 Rab8 26. f5 Qc7+ 27. Kb1 Bf2 1-0

[Event "Mittelfrankenliga-B1 0708"]
[Site "Mittelfranken"]
[Date "2008.02.17"]
[Round "6.5"]
[White "Krauss, Hermann"]
[Black "Augustin, Achim"]
[Result "1-0"]
[WhiteElo "1990"]
[BlackElo "1913"]
[PlyCount "89"]
[EventDate "2007.10.14"]
[EventType "team-tourn"]
[EventRounds "9"]
[EventCountry "GER"]
[SourceTitle "EXT 2011"]
[Source "ChessBase"]
[SourceDate "2010.11.26"]
[SourceVersion "1"]
[SourceVersionDate "2010.11.26"]
[SourceQuality "1"]
[WhiteTeam "Nuernberg NT III"]
[BlackTeam "Nuernberg SK 1911"]
[WhiteTeamCountry "GER"]
[BlackTeamCountry "GER"]

1. c4 e5 2. Nc3 Nc6 3. Nf3 f5 4. d4 e4 5. Ng5 Be7 6. Nh3 Bf6 7. e3 Nge7 8. Nf4 0-0 9. Be2 d6 10. 0-0 g5 11. Nfd5 Nxd5 12. Nxd5 Bg7 13. Qc2 Ne7 14. Nc3 c6 15. d5 c5 16. f3 exf3 17. gxf3 Ng6 18. f4 gxf4 19. exf4 Bd4+ 20. Kh1 Bd7 21. Bd3 a6 22. Ne2 Bg7 23. a4 b5 24. axb5 axb5 25. Rxa8 Qxa8 26. b3 bxc4 27. bxc4 Qa1 28. Ng3 Nh4 29. Bd2 Qd4 30. Be1 Ba4 31. Qb1 Bh6 32. Nxf5 Nxf5 33. Bxf5 Qxc4 34. Rg1+ Bg7 35. Be6+ Kh8 36. Rxg7 Kxg7 37. Qb2+ Kh6 38. Qg2 Rxf4 39. Bd2 Bc2 40. Qh3+ Kg5 41. Qg4+ Kf6 42. Qxf4+ Qxf4 43. Bxf4 Ke7 44. Bg5+ Ke8 45. Kg1 1-0